000
00205 a2200097 4500
001
43668
100
_a
Mosby
245
_a
The observant reader
260
_a
London
_b
John Murray
_c
090
_c
27462
_d
27462
942
_a
NUST-CAE
_c
M
_c
19405
999
_c
278741
_d
278741